• 首页
  • 本馆介绍
  • 公告通知
  • 最新文献
  • 馆藏检索
  • 电子资源
  • 读者导购
  • 参考咨询
  • 我的图书馆
  • 登录
  • 详细信息显示
  • 放入我的书架
  • 预约/预借图书
  • 作者相关作品
  • 分类相关作品
  • 丛书相关作品
  • 出版社相关作品

书目信息

  • 表格格式
  • 工作单格式
  • 卡片格式
题名:
世界舞蹈史
    
 
作者: 萨克斯 著 ;郭明达 译
分册:  
出版信息: 上海   上海音乐出版社  2014
页数: 396页, 32页图版
开本: 24cm
丛书名:
单 册:
中图分类: J709.1
科图分类:
主题词: 舞蹈史--wu dao shi--世界
电子资源:
ISBN: 978-7-5523-0372-8
000 01140cam0 2200253 450
001 340185
005 20150625145841.23
010    @a978-7-5523-0372-8@dCNY56.00
100    @a20140303d2014 em y0chiy50 ea
101 1  @achi@ceng
102    @aCN@b310000
105    @aaf a 000yy
106    @ar
200 1  @a世界舞蹈史@Ashi jie wu dao shi@f库尔特·萨克斯著@g郭明达译
210    @a上海@c上海音乐出版社@d2014
215    @a396页, 32页图版@c图@d24cm
320    @a有书目 (第276-396页)
330    @a本书是了解、研究舞蹈起源、发展的极为珍贵的史料性读物, 也是我国第一部介绍世界舞蹈史的译著。书中从原始社会的舞蹈开始, 一直叙述至今天在西方流行的一些很有影响的民间舞, 以及人们熟悉的交谊舞。该书的最大特点是, 第一性史料位数颇多, 这些史料在国内外皆为罕见;在介绍舞蹈发展史方面时, 别树一帜, 有独到之处。所以, 此书对舞蹈工作者和欲了解舞蹈史的其他学科的舞蹈艺术爱好者来说, 无疑是一部非常有参考价值的史料性的著作。
606 0  @a舞蹈史@Awu dao shi@y世界
690    @aJ709.1@v5
701  1 @a萨克斯@Asa ke si@g(Sachs, Curt),@f1881-1959@4著
702  0 @a郭明达@Aguo ming da@4译
801  0 @aCN@b卓展宏图@c20150525
905    @dJ709.1@e139@f4
    
    世界舞蹈史/库尔特·萨克斯著/郭明达译.-上海:上海音乐出版社,2014
    396页, 32页图版:图;24cm
    
    
    ISBN 978-7-5523-0372-8:CNY56.00
    本书是了解、研究舞蹈起源、发展的极为珍贵的史料性读物, 也是我国第一部介绍世界舞蹈史的译著。书中从原始社会的舞蹈开始, 一直叙述至今天在西方流行的一些很有影响的民间舞, 以及人们熟悉的交谊舞。该书的最大特点是, 第一性史料位数颇多, 这些史料在国内外皆为罕见;在介绍舞蹈发展史方面时, 别树一帜, 有独到之处。所以, 此书对舞蹈工作者和欲了解舞蹈史的其他学科的舞蹈艺术爱好者来说, 无疑是一部非常有参考价值的史料性的著作。
●
相关链接 在E读中查询图书 在五车中查询图书 在当当中查询图书 在豆瓣中查询图书


正题名:世界舞蹈史     索取号:J709.1/139         预约/预借

序号 登录号 条形码 馆藏地/架位号 状态 备注
1 864662   208646624   第一样本阅览室/ [索取号:J709.1/139] 在馆    
2 864663   208646633   第一借阅区/ [索取号:J709.1/139] 在馆    
3 864664   208646642   第一借阅区/ [索取号:J709.1/139] 在馆    
4 864665   208646651   第一借阅区/ [索取号:J709.1/139] 在馆    
唐山师范学院图书馆 欢迎您!
大连网信软件有限公司© 版权所有